| 000 | 01118pam a2200277 a 4500 | ||
|---|---|---|---|
| 001 | 2487054 | ||
| 005 | 20060811123932.0 | ||
| 008 | 910523r19921984flua b 001 0 eng | ||
| 010 | _a 91021671 | ||
| 020 | _a0894646400 (alk. paper) | ||
| 020 | _a9780894646400 (alk. paper) | ||
| 040 |
_aDLC _cDLC _dDLC |
||
| 050 | 0 | 0 |
_aTN880 _b.I335 1992 |
| 082 | 0 | 0 |
_a622.3385 _222 _bIKO |
| 100 | 1 |
_aIkoku, Chi U. _924685 |
|
| 245 | 1 | 0 |
_aNatural Gas Reservoir Engineering / _cChi U. Ikoku. |
| 260 |
_aMalabar, Fla. : _bKrieger Pub. Co., 1992 _c1992. |
||
| 300 |
_axxii, 503 p. : _bill. ; _c25 cm. |
||
| 500 | _aOriginally published: New York : Wiley, c1984. | ||
| 504 | _aIncludes bibliographical references and index. | ||
| 650 | 0 |
_aGas reservoirs. _924686 |
|
| 653 |
_bpet _cJune2011 |
||
| 942 |
_2ddc _cBB |
||
| 999 |
_c15542 _d15542 |
||